书目信息 |
| 题名: |
生态文明的愿景
|
|
| 作者: | 李培超 , 张启江 著 | |
| 分册: | ||
| 出版信息: | 长沙 湖南师范大学出版社 2015 |
|
| 页数: | 238页 | |
| 开本: | 24cm | |
| 丛书名: | 中国生态文明发展战略研究丛书 | |
| 单 册: | ||
| 中图分类: | B824.5 | |
| 科图分类: | ||
| 主题词: | 生态文明--sheng tai wen ming--研究 | |
| 电子资源: | ||
| ISBN: | 978-7-5648-2395-5 | |
| 000 | 01409nam 2200313 450 | |
| 001 | 1728774800 | |
| 005 | 20170404155720.56 | |
| 010 | @a978-7-5648-2395-5@dCNY40.00 | |
| 100 | @a20160501d2015 em y0chiy50 ea | |
| 101 | 0 | @achi |
| 102 | @aCN@b430000 | |
| 105 | @ay a 000yy | |
| 106 | @ar | |
| 200 | 1 | @a生态文明的愿景@Asheng tai wen ming de yuan jing@e寻求人类和谐地栖居@f李培超, 张启江著 |
| 210 | @a长沙@c湖南师范大学出版社@d2015 | |
| 215 | @a238页@d24cm | |
| 225 | 2 | @a中国生态文明发展战略研究丛书@Azhong guo sheng tai wen ming fa zhan zhan lue yan jiu cong shu |
| 300 | @a“十二五”国家重点图书出版规划项目 国家出版基金项目 国家出版基金资助项目 教育部人文社会科学重点研究基地湖南师范大学道德文化研究中心重大项目 (13JJD720006) 湖南省中国特色社会主义道德文化协同创新中心项目 湖南师范大学生态文明研究院项目 | |
| 320 | @a有书目 (第234-238页) | |
| 330 | @a本书内容包括:导论;人类文明及其动力机制;人类文明的三大形态及其物质;生态文明的现实基础;生态文明的核心价值及其实现模式等。 | |
| 333 | @a适用于从事生态文明研究人员及相关读者。 | |
| 410 | 0 | @12001 @a中国生态文明发展战略研究丛书 |
| 517 | 1 | @a寻求人类和谐地栖居@Axun qiu ren lei he xie di qi ju |
| 606 | 0 | @a生态文明@Asheng tai wen ming@x研究 |
| 690 | @aB824.5@v5 | |
| 701 | 0 | @a李培超@Ali pei chao@4著 |
| 701 | 0 | @a张启江@Azhang qi jiang@4著 |
| 801 | 0 | @aCN@b北京图书大厦有限责任公司@c20160501 |
| 905 | @aBZT@dB824.5@e1 | |
| 生态文明的愿景:寻求人类和谐地栖居/李培超, 张启江著.-长沙:湖南师范大学出版社,2015 |
| 238页;24cm.-(中国生态文明发展战略研究丛书) |
| “十二五”国家重点图书出版规划项目 国家出版基金项目 国家出版基金资助项目 教育部人文社会科学重点研究基地湖南师范大学道德文化研究中心重大项目 (13JJD720006) 湖南省中国特色社会主义道德文化协同创新中心项目 湖南师范大学生态文明研究院项目.-使用对象:适用于从事生态文明研究人员及相关读者。 |
| ISBN 978-7-5648-2395-5:CNY40.00 |
| 本书内容包括:导论;人类文明及其动力机制;人类文明的三大形态及其物质;生态文明的现实基础;生态文明的核心价值及其实现模式等。 |
| ● |
| 相关链接 |
|
|
|
正题名:生态文明的愿景
索取号:B824.5/1
 
预约/预借
| 序号 | 登录号 | 条形码 | 馆藏地/架位号 | 状态 | 备注 |
| 1 | 826235 | 2000826235 | 第二书库/ [索取号:B824.5/1] | 在馆 | |
| 2 | 826236 | 2000826236 | 第二书库/ [索取号:B824.5/1] | 在馆 | |
| 3 | 826237 | 2000826237 | 第二书库/ [索取号:B824.5/1] | 在馆 |